000
00267nam a22001217a 4500
003
SGT
082
_a
005.73,KAN
100
_a
KANETKAR, YASHAVANT
245
_a
DATA STRUCTURES THROUGH C
260
_b
BPB PUBLICATIONS
_c
1990
300
_a
300
942
_2
ddc
_c
GF BOOKS
999
_c
34340
_d
34340